000 00495 a2200145 4500
999 _c4269
_d4269
020 _a9788131725283
050 _aQA 76.76 STA 2009
100 _aStallings, william
_eauthor
245 _aOperating systems:
_bInternals and design principles/
_cWilliam Stallings
264 _aNew Delhi
_bPearson Education
_c2009
300 _axviii, 820p. :
_bill.[col.]
500 _aincludes index
650 _aOperating systems
_xinternals and design principles
942 _2lcc
_cBK
_esixth edition
_h76.76
_iSTA
_kQA